000 01097nam a2200241Ii 4500
001 peacockstrip00jorg
003 CaSfIA
005 20210118205518.0
007 cr||||
008 791207s1978 caua 000 0 eng d
040 _aGZM
_cGZM
_dCaSfIA
035 _a(OCoLC)5770179
100 1 _aJorgensen, Rusty.
245 1 0 _aPeacock's trip /
_h[electronic resource]
_cby Rusty Jorgensen.
260 _aFort Bragg, Calif. :
_bFull Circle Press,
_cc1978.
300 _a84 p. :
_bill. ;
_c19 cm.
500 _aLimited ed. of 1000 copies.
856 4 1 _uhttp://www.archive.org/details/peacockstrip00jorg
_zFree eBook from the Internet Archive
856 4 2 _uhttp://www.openlibrary.org/books/OL24216399M
_zAdditional information and access via Open Library
942 _cEB
506 _fНеобхідна авторизація на https://archive.org/ (створення облікового запису безкоштовно)
506 _fНеобхідна авторизація на https://openlibrary.org/ (створення облікового запису безкоштовно)
999 _c535451
_d535451